00346nam a2200133 a 45000010010000000030011000100080041000210350026000620820012000881000023001002450026001232600049001496500014001980000-8627ELIB.Books110520 1970  a(ELIB.Books)0000-8773 aB bRog aRogers, Dale Evans aThe Women at the Well bNew Jersey: Fleming H. Revell Company c1970 aBiography